[Event "Steinfurt Bezirksklasse 1516"]
[Site "Germany"]
[Date "2016.05.07"]
[Round "9.4"]
[White "Diel, Elias"]
[Black "Nattkaemper, Johann"]
[Result "0-1"]
[WhiteElo "949"]
[BlackElo "1188"]
[PlyCount "54"]
[EventDate "2015.09.05"]
[EventType "team-tourn"]
[EventRounds "9"]
[EventCountry "GER"]
[SourceTitle "EXT 2017"]
[Source "ChessBase"]
[SourceDate "2016.10.25"]
[SourceVersion "1"]
[SourceVersionDate "2016.10.25"]
[SourceQuality "1"]
[WhiteTeam "Steinfurt V"]
[BlackTeam "Ibbenbueren III"]
[WhiteTeamCountry "GER"]
[BlackTeamCountry "GER"]

1. d4 Nf6 2. c4 e6 3. Nf3 d5 4. Bg5 Bb4+ 5. Nc3 Bxc3+ 6. bxc3 dxc4 7. e3 b5 8. a4 c6 9. axb5 cxb5 10. Qb1 a6 11. Ne5 Bb7 12. Bxc4 Nbd7 13. 0-0 h6 14. Bxe6 Nxe5 15. dxe5 hxg5 16. Rd1 Qc7 17. exf6 Qxh2+ 18. Kf1 Qxg2+ 19. Ke1 Rh1+ 20. Kd2 Qxf2+ 21. Kc1 Qxe3+ 22. Kc2 Rh2+ 23. Kb3 Qxe6+ 24. Ka3 Qxf6 25. Re1+ Kf8 26. Qb4+ Kg8 27. Rh1 Bxh1 0-1